00222nam a2200085Ia 450000500170000000800410001724500510005826000100010999900170011920250523155752.0250523s9999 xx 000 0 und d 0aRuby Rogers Çıkar Beni Buradan!cSue Limb bALTIN c12099d12099